[Event "Aeroflot Open"]
[Site "Moscow RUS"]
[Date "2008.02.21"]
[Round "8"]
[White "Aleksandrov,A"]
[Black "Zhigalko,A"]
[Result "0-1"]
[WhiteElo "2618"]
[BlackElo "2556"]
[EventDate "2008.02.14"]

1. d4 Nf6 2. c4 g6 3. Nc3 Bg7 4. e4 d6 5. Be2 O-O 6. Bg5 Na6 7. Nf3 h6 8.
Bh4 e5 9. O-O g5 10. Bg3 Nh5 11. dxe5 Nxg3 12. hxg3 dxe5 13. Ne1 f5 14.
exf5 Bxf5 15. Nd5 e4 16. Nc2 c6 17. Nde3 Bh7 18. Qxd8 Raxd8 19. Rad1 Nc5
20. Rxd8 Rxd8 21. Rd1 Rxd1+ 22. Nxd1 Nd3 23. b4 Nc1 24. Bg4 Nxa2 25. c5 Nc3
26. Nde3 Kf8 27. Bc8 b6 28. cxb6 axb6 29. Bb7 c5 30. bxc5 bxc5 31. g4 Be5
32. Nc4 Bf4 33. g3 Bc7 34. N2e3 Kf7 35. Kf1 Ke6 36. Ke1 Be5 37. Bc8+ Kf6
38. Bb7 Bg8 39. Nd2 Bh7 40. Bc8 Bd4 41. Bf5 Bg8 42. Nec4 Bd5 43. Bh7 Be6
44. Nd6 Bxg4 45. Bxe4 Nxe4 46. N6xe4+ Ke5 47. f3 Be6 48. Ke2 c4 49. Nf1 g4
50. Nf2 Bxf2 51. Kxf2 Kd4 52. fxg4 c3 53. Ne3 Bxg4 54. Nc2+ Kd3 55. Na3 h5
0-1

[Event "Aeroflot Open"]
[Site "Moscow RUS"]
[Date "2008.02.21"]
[Round "8"]
[White "Romanov,E"]
[Black "Bocharov,D"]
[Result "1/2-1/2"]
[WhiteElo "2543"]
[BlackElo "2600"]
[EventDate "2008.02.14"]

1. d4 Nf6 2. c4 e6 3. g3 Bb4+ 4. Bd2 a5 5. Bg2 O-O 6. Nf3 b6 7. Ne5 Ra7 8.
Nd3 Be7 9. Nc3 c6 10. d5 Ba6 11. Qb3 exd5 12. cxd5 Bxd3 13. exd3 Na6 14.
O-O Nb4 15. a3 a4 16. Nxa4 Nbxd5 17. Nc3 Nxc3 18. bxc3 b5 19. a4 Qa8 20.
Ra2 Rxa4 21. Rfa1 Rxa2 22. Rxa2 Qb7 23. c4 b4 24. d4 Rb8 25. Ra4 Ra8 26.
Rxa8+ Qxa8 27. Bxb4 Bxb4 28. Qxb4 h5 29. Qc3 Qa4 30. Bf3 g6 31. d5 Nh7 32.
dxc6 dxc6 33. Qd4 Nf8 34. Qc5 h4 35. Kg2 hxg3 36. hxg3 Ne6 37. Qxc6 Qxc6
38. Bxc6 Kf8 39. f3 Ke7 40. Kf2 g5 41. Ke3 Nc5 42. Bd5 f6 43. Kd4 Kd6 44.
Bg8 Nb3+ 45. Ke4 Nc5+ 46. Kf5 Ke7 47. Bd5 Nb3 48. Ke4 1/2-1/2

[Event "Aeroflot Open"]
[Site "Moscow RUS"]
[Date "2008.02.21"]
[Round "8"]
[White "Zhigalko,S"]
[Black "Khairullin,I"]
[Result "1/2-1/2"]
[WhiteElo "2558"]
[BlackElo "2544"]
[EventDate "2008.02.14"]

1. e4 e5 2. Nf3 Nc6 3. Bb5 a6 4. Ba4 Nf6 5. O-O Be7 6. Re1 b5 7. Bb3 d6 8.
c3 O-O 9. h3 Nb8 10. d4 Nbd7 11. Nbd2 Bb7 12. Bc2 Re8 13. Nf1 Bf8 14. Ng3
g6 15. a4 c5 16. d5 c4 17. Bg5 h6 18. Be3 Nc5 19. Qd2 h5 20. Bg5 Be7 21.
Ra3 Nfd7 22. Be3 Qc7 23. Qe2 Nb6 24. axb5 axb5 25. Rxa8 Rxa8 26. Nh2 Nbd7
27. Qd1 1/2-1/2

[Event "Aeroflot Open"]
[Site "Moscow RUS"]
[Date "2008.02.21"]
[Round "8"]
[White "Andriasian,Z"]
[Black "Naiditsch,A"]
[Result "1/2-1/2"]
[WhiteElo "2532"]
[BlackElo "2638"]
[EventDate "2008.02.14"]

1. e4 e5 2. Nf3 Nc6 3. Bc4 Nf6 4. d3 Be7 5. O-O O-O 6. Re1 d6 7. c3 Na5 8.
Bb5 a6 9. Ba4 b5 10. Bc2 c5 11. Nbd2 Nc6 12. Nf1 Nd7 13. a4 Nb6 14. axb5
axb5 15. Rxa8 Nxa8 16. Ne3 Nb6 17. Nd5 Nxd5 18. exd5 Nb8 19. d4 exd4 20.
cxd4 c4 21. b3 cxb3 22. Bxb3 Bg4 23. h3 Bxf3 24. Qxf3 Bg5 25. Bxg5 Qxg5 26.
Qd3 b4 27. Qc4 Qd2 28. Rd1 Qc3 29. Rc1 Qd2 30. Ba4 Qb2 31. Bb5 g6 32. Re1
Kg7 33. g3 Rd8 34. Kg2 Nd7 35. Qc7 1/2-1/2

[Event "Aeroflot Open"]
[Site "Moscow RUS"]
[Date "2008.02.21"]
[Round "8"]
[White "Smirnov,P"]
[Black "Al Sayed,Mohamad"]
[Result "1/2-1/2"]
[WhiteElo "2599"]
[BlackElo "2486"]
[EventDate "2008.02.14"]

1. d4 d5 2. c4 c6 3. Nf3 Nf6 4. Nc3 dxc4 5. a4 Bf5 6. Ne5 Nbd7 7. Nxc4 Qc7
8. g3 e5 9. dxe5 Nxe5 10. Bf4 Nfd7 11. Bg2 g5 12. Ne3 gxf4 13. Nxf5 O-O-O
14. Qc2 fxg3 15. hxg3 a5 16. O-O h5 17. Rac1 Nc5 18. Rfd1 Kb8 19. Ne4 Rxd1+
20. Rxd1 Nxe4 21. Qxe4 Bb4 22. Bh3 f6 23. Kg2 Qf7 24. Nd4 Ka8 25. Bf5 Rd8
26. Rh1 Rd6 27. Nf3 Nd7 1/2-1/2

[Event "Aeroflot Open"]
[Site "Moscow RUS"]
[Date "2008.02.21"]
[Round "8"]
[White "Melkumyan,H"]
[Black "Caruana,F"]
[Result "1-0"]
[WhiteElo "2485"]
[BlackElo "2598"]
[EventDate "2008.02.14"]

1. d4 d5 2. c4 c6 3. Nf3 Nf6 4. e3 Bg4 5. h3 Bxf3 6. Qxf3 e6 7. Nc3 Nbd7 8.
Bd3 Bd6 9. cxd5 cxd5 10. O-O Qb6 11. a3 Rc8 12. Bd2 O-O 13. b4 Bb8 14. g3
Qd6 15. Rac1 e5 16. Bf5 Rcd8 17. h4 Rfe8 18. Rc2 a6 19. Na4 e4 20. Qe2 Nb6
21. Nxb6 Qxb6 22. a4 Re7 23. a5 Qd6 24. b5 Rc7 25. Rb2 axb5 26. Rfb1 Ne8
27. Rxb5 Qc6 28. Bb4 Qa6 29. Bc5 g6 30. Bh3 Nd6 31. Bxd6 Rxd6 32. Qa2 Kg7
33. Bf1 Qc6 34. Qb3 Rd8 35. Rxb7 Rxb7 36. Qxb7 Qc3 37. a6 Qa3 38. Rb5 Qa2
39. Qe7 Rf8 40. Rxb8 1-0

[Event "Aeroflot Open"]
[Site "Moscow RUS"]
[Date "2008.02.21"]
[Round "8"]
[White "Brkic,A"]
[Black "Olafsson,H1"]
[Result "1/2-1/2"]
[WhiteElo "2558"]
[BlackElo "2531"]
[EventDate "2008.02.14"]

1. e4 e5 2. Nf3 Nf6 3. Nxe5 d6 4. Nf3 Nxe4 5. d4 d5 6. Bd3 Nc6 7. O-O Be7
8. c4 Nb4 9. cxd5 Nxd3 10. Qxd3 Qxd5 11. Re1 Bf5 12. Nc3 Nxc3 13. Qxc3 Be6
14. Re5 Qc6 15. Qa5 Rd8 16. Bf4 O-O 17. Rc1 Qb6 18. Rb5 Qxa5 19. Rxa5 Ra8
20. d5 b6 21. Ra4 Bxd5 22. Rxc7 1/2-1/2

[Event "Aeroflot Open"]
[Site "Moscow RUS"]
[Date "2008.02.21"]
[Round "8"]
[White "Pashikian,A"]
[Black "Pavlovic,Milos"]
[Result "1/2-1/2"]
[WhiteElo "2556"]
[BlackElo "2522"]
[EventDate "2008.02.14"]

1. d4 Nf6 2. Nf3 g6 3. c4 Bg7 4. Nc3 d6 5. e4 O-O 6. Be2 c5 7. O-O cxd4 8.
Nxd4 Nc6 9. Nc2 Nd7 10. Bd2 Nc5 11. b4 Nd7 12. Rb1 b6 13. f4 Bb7 14. Bd3
Rc8 15. Qe1 e6 16. Rd1 a6 17. Kh1 Qc7 18. a3 Rfe8 19. Ne2 Ne7 20. Rc1 f5
21. Ncd4 Nc6 22. Nb5 Qb8 23. Nbc3 Nf6 24. exf5 exf5 25. Qf2 Ne7 26. Nd4 d5
27. c5 bxc5 28. bxc5 Nc6 29. Nce2 Qc7 30. Qg1 Ne4 31. Be3 Na5 32. c6 Bxc6
33. Bxa6 Nc4 34. Bxc8 Qxc8 35. Nxc6 Qxc6 36. Bd4 Bf8 37. Nc3 Bxa3 38. Rce1
Ncd2 39. Nxe4 dxe4 40. Rf2 Nb3 41. Be5 Nc1 42. Rd2 1/2-1/2

[Event "Aeroflot Open"]
[Site "Moscow RUS"]
[Date "2008.02.21"]
[Round "8"]
[White "Chuprov,D"]
[Black "Ionov,S"]
[Result "1-0"]
[WhiteElo "2596"]
[BlackElo "2546"]
[EventDate "2008.02.14"]

1. e4 c6 2. Ne2 d5 3. e5 c5 4. d4 Nc6 5. c3 cxd4 6. cxd4 Bf5 7. Ng3 Bxb1 8.
Rxb1 e6 9. a3 f6 10. exf6 Nxf6 11. Be3 Bd6 12. Be2 O-O 13. O-O Qd7 14. Bd3
Qf7 15. Rc1 Rac8 16. b4 a6 17. Bb1 Ne7 18. Qe2 Rxc1 19. Rxc1 Rc8 20. Re1
Nc6 21. Qd3 g6 22. Qd1 Bf8 23. Nf1 Bg7 24. Nd2 Ne8 25. Nf3 Nd6 26. Bc1 h6
27. Ne5 Nxe5 28. dxe5 Nf5 29. Bb2 h5 30. Bd3 Bh6 31. g3 Bf8 32. Qb1 Be7 33.
Rc1 Qe8 34. Rc2 Kg7 35. Qc1 Rxc2 36. Qxc2 Qd8 37. Kg2 Kh7 38. Qd1 Qe8 39.
Bc1 Kg8 40. h3 Kh7 41. g4 hxg4 42. hxg4 Nh4+ 43. Kg3 Kg7 44. f4 Qc6 45. Qc2
Qb6 46. Qf2 Qc6 47. Bb2 d4 48. Bxd4 Qh1 49. g5 Kf7 50. Qe2 Qd5 51. Bf2 Nf5+
52. Kh2 Qb3 53. Bc4 Qc3 54. Qa2 Ng7 55. Qb3 Qc1 56. Be3 Qe1 57. Kg2 b5 58.
Bd3 Qh4 59. Qd1 Nf5 60. Bxf5 gxf5 61. Qf3 Kg6 62. Qc6 Kh5 63. Qf3+ Kg6 64.
Bf2 Qg4+ 65. Qxg4 fxg4 66. Kg3 Kf5 67. Bb6 1-0

[Event "Aeroflot Open"]
[Site "Moscow RUS"]
[Date "2008.02.21"]
[Round "8"]
[White "Meier,Geo"]
[Black "Cherniaev,A1"]
[Result "1-0"]
[WhiteElo "2570"]
[BlackElo "2491"]
[EventDate "2008.02.14"]

1. d4 d5 2. Nf3 Nc6 3. Nbd2 Bf5 4. c4 e6 5. a3 Nf6 6. e3 h6 7. b4 Be7 8.
Bb2 O-O 9. Be2 Ne4 10. O-O Nxd2 11. Nxd2 Bf6 12. Qb3 Ne7 13. cxd5 exd5 14.
b5 Be6 15. Rfc1 Nf5 16. a4 Be7 17. Ba3 Rc8 18. Rc3 Nd6 19. Rac1 Nf5 20. Bd3
Bxa3 21. Qxa3 Re8 22. Qc5 b6 23. Qa3 Nd6 24. Qb2 Bf5 25. Bxf5 Nxf5 26. Qc2
1-0

[Event "Aeroflot Open"]
[Site "Moscow RUS"]
[Date "2008.02.22"]
[Round "9"]
[White "Nepomniachtchi,I"]
[Black "Volokitin,And"]
[Result "1/2-1/2"]
[WhiteElo "2600"]
[BlackElo "2674"]
[EventDate "2008.02.14"]

1. e4 d6 2. d4 Nf6 3. Nc3 g6 4. Nge2 Bg7 5. g3 O-O 6. Bg2 e5 7. O-O Nc6 8.
dxe5 dxe5 9. Nd5 Nxd5 10. exd5 Ne7 11. c4 Nf5 12. Bd2 Re8 13. Bc3 b6 14. b3
Nd6 15. Nc1 h5 16. h4 Bf5 17. Re1 a5 18. Nd3 Bxd3 19. Qxd3 e4 20. Qc2 f5
21. Bxg7 Kxg7 22. c5 Nf7 23. f3 exf3 24. Bxf3 bxc5 25. Qc3+ Qf6 26. Qxf6+
Kxf6 27. Re6+ Kg7 28. Rc1 Ne5 29. Rxe8 Rxe8 30. Be2 c4 31. Bxc4 Kf6 1/2-1/2

[Event "Aeroflot Open"]
[Site "Moscow RUS"]
[Date "2008.02.22"]
[Round "9"]
[White "Grachev,B"]
[Black "Timofeev,Arty"]
[Result "1-0"]
[WhiteElo "2601"]
[BlackElo "2664"]
[EventDate "2008.02.14"]

1. d4 Nf6 2. Nf3 g6 3. Bf4 Bg7 4. e3 O-O 5. Be2 d6 6. h3 c5 7. c3 b6 8. O-O
Bb7 9. Nbd2 Nc6 10. Bh2 Rc8 11. a4 cxd4 12. exd4 Na5 13. Re1 Bh6 14. b4 Nc6
15. Qb3 e5 16. dxe5 Nxe5 17. Rad1 Qc7 18. Nxe5 dxe5 19. Bf3 Bxd2 20. Rxd2
Bxf3 21. gxf3 Rfe8 22. Re3 Re6 23. f4 exf4 24. Rxe6 fxe6 25. Qxe6+ Kg7 26.
Rd6 Rf8 27. Bxf4 Qxc3 28. Be5 Qf3 29. Qg4 1-0

[Event "Aeroflot Open"]
[Site "Moscow RUS"]
[Date "2008.02.22"]
[Round "9"]
[White "Amonatov,F"]
[Black "Le Quang Liem"]
[Result "1-0"]
[WhiteElo "2649"]
[BlackElo "2540"]
[EventDate "2008.02.14"]

1. e4 c5 2. Nf3 d6 3. d4 cxd4 4. Nxd4 Nf6 5. Nc3 g6 6. Be3 Bg7 7. f3 O-O 8.
Qd2 Nc6 9. Bc4 Bd7 10. h4 Rc8 11. Bb3 Ne5 12. O-O-O h5 13. Bg5 Rc5 14. Kb1
b5 15. g4 a5 16. gxh5 a4 17. h6 Bh8 18. h7+ Nxh7 19. Bd5 b4 20. Nce2 Nxg5
21. hxg5 e6 22. Nf4 Bg7 23. Ndxe6 Bxe6 24. Nxe6 fxe6 25. Bxe6+ Nf7 26. Qh2
Re8 27. Rxd6 Qe7 28. Bd5 Kf8 29. Re6 Qc7 30. Rxe8+ Kxe8 31. Qd2 a3 32. Qxb4
Bxb2 33. Rh7 Rxd5 34. exd5 Qa7 35. Rh1 Nxg5 36. Re1+ Kf7 37. d6 Bf6 38. f4
Ne6 39. Qb3 Qd7 40. Qd5 Qc8 41. Kc1 Qd7 42. Kd1 Qc8 43. Re4 Qd7 44. Re3 Qc8
45. Re2 Qd7 46. Re4 Qc8 47. f5 gxf5 48. Qxf5 Qd7 49. Qd5 Qc8 50. c4 Qd7 51.
c5 Be7 52. Qh5+ Kf6 53. Qe5+ Kf7 54. Qd5 Kf6 55. Kc2 Nxc5 56. Qd4+ Kg5 57.
dxe7 Qc6 58. Qe5+ Kh6 59. Rh4+ Kg6 60. e8=Q+ 1-0

[Event "Aeroflot Open"]
[Site "Moscow RUS"]
[Date "2008.02.22"]
[Round "9"]
[White "Predojevic,B"]
[Black "Asrian,K"]
[Result "1/2-1/2"]
[WhiteElo "2641"]
[BlackElo "2621"]
[EventDate "2008.02.14"]

1. e4 c6 2. d4 d5 3. e5 c5 4. dxc5 Nc6 5. a3 Nxe5 6. b4 g6 7. Bb5+ Bd7 8.
Qxd5 Bxb5 9. Qxe5 Nf6 10. Nc3 Bc6 11. Nge2 Bg7 12. O-O O-O 13. Bb2 Ne4 14.
Qf4 Qd2 15. Qxd2 1/2-1/2

[Event "Aeroflot Open"]
[Site "Moscow RUS"]
[Date "2008.02.22"]
[Round "9"]
[White "Najer,E"]
[Black "Mamedov,Rau"]
[Result "1/2-1/2"]
[WhiteElo "2634"]
[BlackElo "2583"]
[EventDate "2008.02.14"]

1. d4 Nf6 2. c4 g6 3. Nc3 Bg7 4. e4 d6 5. Nf3 O-O 6. Be2 Na6 7. O-O c6 8.
Re1 e5 9. Bf1 Bg4 10. d5 Nb4 11. Be2 a5 12. h3 Bd7 13. dxc6 Bxc6 14. Bf1
Na6 15. Bg5 h6 16. Bh4 Nc5 17. Qc2 g5 18. Bg3 Nh5 19. Bh2 Qf6 1/2-1/2

[Event "Aeroflot Open"]
[Site "Moscow RUS"]
[Date "2008.02.22"]
[Round "9"]
[White "Sutovsky,E"]
[Black "Frolyanov,D"]
[Result "1-0"]
[WhiteElo "2642"]
[BlackElo "2544"]
[EventDate "2008.02.14"]

1. e4 e5 2. Nf3 Nf6 3. d4 Nxe4 4. Bd3 Nc6 5. Nxe5 Nxe5 6. dxe5 Nc5 7. Bf4
d6 8. exd6 Bxd6 9. Bb5+ Ke7 10. Be3 c6 11. Bc4 Be6 12. Bxe6 Nxe6 13. Nc3
Be5 14. Qg4 Qa5 15. O-O h5 16. Qh3 Bxc3 17. bxc3 g6 18. Rfe1 Kf8 19. Rad1
Kg7 20. Rd7 Qxa2 21. Qg3 Rhd8 22. Rxb7 Qa6 23. Re7 Qa5 24. h4 Qf5 25. Bxa7
Kf8 26. R1xe6 fxe6 27. Rc7 e5 28. Bc5+ Kg8 29. Rxc6 Kh7 30. Rc7+ Kg8 31.
Rc6 Kh7 32. Bd6 Rdc8 33. Rb6 Ra1+ 34. Kh2 Qf4 35. Rb7+ Kh6 36. Qxf4+ exf4
37. Bxf4+ g5 38. hxg5+ Kg6 39. Rb6+ Kf7 40. g6+ Kg7 41. Be5+ Kh6 42. Bf4+
Kg7 43. Be5+ Kh6 44. f4 Ra5 45. Re6 Rxe5 46. Rxe5 Kxg6 47. Rg5+ Kf6 48.
Rxh5 Rxc3 49. g3 Rxc2+ 50. Kh3 Rc3 51. Kg4 Kg6 52. Re5 Rb3 53. Re6+ Kf7 54.
Ra6 Kg7 55. f5 1-0

[Event "Aeroflot Open"]
[Site "Moscow RUS"]
[Date "2008.02.22"]
[Round "9"]
[White "Safarli,E"]
[Black "Azarov,S"]
[Result "0-1"]
[WhiteElo "2496"]
[BlackElo "2594"]
[EventDate "2008.02.14"]

1. e4 c5 2. Nc3 Nc6 3. g3 g6 4. Bg2 Bg7 5. d3 e6 6. Be3 d6 7. Qd2 Rb8 8.
Nge2 Nd4 9. O-O b5 10. b4 Nxe2+ 11. Nxe2 Bxa1 12. Rxa1 cxb4 13. Bxa7 Ra8
14. Be3 Ra4 15. Nd4 Bd7 16. Rb1 Nf6 17. h3 e5 18. Ne2 Qa5 19. Qd1 O-O 20.
Bd2 Rc8 21. f4 Rxa2 22. Rc1 Qa4 23. Qf1 Ne8 24. Re1 b3 25. Be3 b2 26. fxe5
dxe5 0-1

[Event "Aeroflot Open"]
[Site "Moscow RUS"]
[Date "2008.02.22"]
[Round "9"]
[White "Volkov,Sergey1"]
[Black "Hou Yifan"]
[Result "1-0"]
[WhiteElo "2623"]
[BlackElo "2527"]
[EventDate "2008.02.14"]

1. d4 Nf6 2. c4 e6 3. Nc3 Bb4 4. f3 d5 5. a3 Bxc3+ 6. bxc3 c6 7. e4 dxe4 8.
fxe4 e5 9. Nf3 Qa5 10. Qd3 exd4 11. Bd2 dxc3 12. Bxc3 Qc5 13. Bb4 Qb6 14.
e5 Ng4 15. c5 Qc7 16. Qd4 O-O 17. Bc4 Qd7 18. e6 Qxd4 19. exf7+ Kh8 20.
Nxd4 Na6 21. Bxa6 bxa6 22. O-O Nf6 23. Nxc6 Rxf7 24. Ne5 Re7 25. Rfe1 Be6
26. c6 Ree8 27. c7 Bd5 28. Ba5 Kg8 29. Nd3 Ne4 30. Nf4 Bb7 31. Rab1 Nd6 32.
Red1 Nc4 33. Be1 Nb6 34. Bg3 Rac8 35. Rbc1 g6 36. Rd2 Be4 37. Ne2 Bd5 38.
Rc5 Bb7 39. Rc3 Be4 40. Nd4 Bb7 41. Nb3 Na4 42. Rcd3 Nb6 43. Rd4 Bc6 44.
Na5 Be4 45. a4 h5 46. h4 Re7 47. Nb3 Rce8 48. a5 Nc8 49. Nc5 Bf5 50. Kh2
Re3 51. Nxa6 Ra3 52. Rd5 Ree3 53. Rxf5 gxf5 54. Rd8+ Kf7 55. Rxc8 Rac3 56.
Rd8 Re8 57. Nb4 Rc4 58. a6 Rc1 59. Nd5 Rc6 60. Rxe8 Kxe8 61. Nb6 1-0

[Event "Aeroflot Open"]
[Site "Moscow RUS"]
[Date "2008.02.22"]
[Round "9"]
[White "Zhigalko,A"]
[Black "Khalifman,A"]
[Result "1/2-1/2"]
[WhiteElo "2556"]
[BlackElo "2638"]
[EventDate "2008.02.14"]

1. e4 c5 2. Nf3 Nc6 3. Nc3 g6 4. d4 cxd4 5. Nxd4 Bg7 6. Be3 Nf6 7. Bc4 O-O
8. Bb3 d6 9. f3 Bd7 10. Qd2 Nxd4 11. Bxd4 b5 12. a4 bxa4 13. Bxa4 Rb8 14.
Bxd7 Nxd7 15. b3 Bxd4 16. Qxd4 a5 17. Ra2 Ne5 18. Qd2 Nc6 1/2-1/2

[Event "Aeroflot Open"]
[Site "Moscow RUS"]
[Date "2008.02.22"]
[Round "9"]
[White "Riazantsev,A"]
[Black "Maletin,P"]
[Result "1-0"]
[WhiteElo "2628"]
[BlackElo "2573"]
[EventDate "2008.02.14"]

1. d4 Nf6 2. c4 e6 3. Nf3 Bb4+ 4. Bd2 a5 5. Nc3 d5 6. cxd5 exd5 7. Bg5 h6
8. Bh4 g5 9. Bg3 Ne4 10. Nd2 Nxg3 11. hxg3 c6 12. Qc2 Be6 13. e3 Qf6 14.
Bd3 Na6 15. a3 Bd6 16. Qb3 b5 17. Qc2 Nc7 18. Nf3 Qe7 19. Kf1 b4 20. axb4
Bxb4 21. Na4 Kf8 22. Qxc6 Kg7 23. Nc5 Rhd8 24. Rc1 Rab8 25. Qxc7 1-0

[Event "Aeroflot Open"]
[Site "Moscow RUS"]
[Date "2008.02.22"]
[Round "9"]
[White "Feller,S"]
[Black "Lysyj,I"]
[Result "1/2-1/2"]
[WhiteElo "2522"]
[BlackElo "2593"]
[EventDate "2008.02.14"]

1. d4 e6 2. c4 Nf6 3. Nc3 Bb4 4. g3 c5 5. Nf3 Nc6 6. Bg2 Ne4 7. Bd2 Bxc3 8.
bxc3 O-O 9. O-O Na5 10. dxc5 Nxc4 11. Bf4 f5 12. Qd4 d5 13. cxd6 Ncxd6 14.
Be5 Qe7 15. Bxd6 Qxd6 16. Ne5 Qc7 17. Bxe4 Rd8 18. Qa4 Qxe5 19. Rad1 Bd7
20. Rxd7 Rxd7 21. Qxd7 Qxe4 22. e3 h6 23. Rd1 Kh7 24. Rd4 Qb1+ 25. Kg2 Qxa2
26. Qxb7 Rg8 27. Qc7 Qa6 28. Rd7 Qb6 29. Qxb6 axb6 30. Rd6 Rc8 31. Rxe6
Rxc3 32. Rxb6 h5 33. Rb2 Kh6 34. Kf3 Rc4 35. h4 g6 36. Rb7 Rc2 37. Rf7 Rc4
38. Kg2 Rc2 39. Re7 Ra2 40. Rd7 Rb2 41. Kf1 Rb1+ 42. Ke2 Rb2+ 43. Rd2 Rb4
44. Rc2 Kg7 45. Kd3 Kf6 46. f3 Rb1 47. e4 fxe4+ 48. Kxe4 Rb4+ 49. Kd3 Rb1
50. Ke3 Rb3+ 51. Ke2 Ra3 52. Rd2 Ke5 1/2-1/2

[Event "Aeroflot Open"]
[Site "Moscow RUS"]
[Date "2008.02.22"]
[Round "9"]
[White "Bocharov,D"]
[Black "Zhigalko,S"]
[Result "1/2-1/2"]
[WhiteElo "2600"]
[BlackElo "2558"]
[EventDate "2008.02.14"]

1. d4 d5 2. c4 e6 3. Nf3 c6 4. Nbd2 f5 5. g3 Nd7 6. Bg2 Bd6 7. O-O Qe7 8.
Ne1 Ngf6 9. Nd3 O-O 10. Qc2 e5 11. cxd5 Nxd5 12. e4 fxe4 13. Nxe4 exd4 14.
Bg5 N7f6 15. Rfe1 Qc7 16. Nxd6 Qxd6 17. Qc4 Bf5 18. Qxd4 Rad8 19. Nc5 Rf7
20. Rad1 Rdf8 21. Re5 Bc8 22. Rde1 h6 23. Bd2 b6 24. Ne6 Re8 25. Nf4 Rxe5
26. Rxe5 Bd7 27. b4 Re7 28. Ng6 Rxe5 29. Nxe5 Be6 30. f4 Nd7 31. Nc4 Qe7
32. a3 Bf7 33. Qd3 Qf6 34. h3 Qe6 35. Kf2 Bg6 36. Qd4 N5f6 37. g4 Be4 38.
f5 Qe7 39. Bf1 Bd5 40. Bf4 c5 41. Qe3 Ne4+ 42. Kg1 cxb4 43. Bd6 Qf6 44.
Bxb4 Ne5 45. Nxe5 1/2-1/2

[Event "Aeroflot Open"]
[Site "Moscow RUS"]
[Date "2008.02.22"]
[Round "9"]
[White "Jussupow,Ar"]
[Black "Romanov,E"]
[Result "0-1"]
[WhiteElo "2585"]
[BlackElo "2543"]
[EventDate "2008.02.14"]

1. d4 Nf6 2. Nf3 g6 3. Bf4 Bg7 4. e3 O-O 5. Be2 c5 6. c3 b6 7. Nbd2 Bb7 8.
O-O d6 9. h3 Nbd7 10. Bh2 Qc7 11. Bd3 e5 12. e4 Nh5 13. Re1 Rad8 14. Bf1
Rfe8 15. dxe5 dxe5 16. Qc2 a6 17. a4 Nf8 18. Nc4 Nf4 19. Qb3 Re6 20. Ng5
Rf6 21. Rad1 h6 22. Rxd8 Qxd8 23. Rd1 Qe7 24. Bxf4 exf4 25. e5 Rf5 26. Nxf7
Qxf7 27. Qxb6 Bxe5 28. Na5 Bc8 29. Bc4 Be6 30. Qxa6 f3 31. g3 Bc7 32. Bxe6
Nxe6 33. Qc8+ Nf8 34. Nc6 Bxg3 35. Re1 Bd6 36. Kh1 Rg5 37. Re4 Qd5 38. Qe8
Qf5 0-1

[Event "Aeroflot Open"]
[Site "Moscow RUS"]
[Date "2008.02.22"]
[Round "9"]
[White "Shomoev,A"]
[Black "Melkumyan,H"]
[Result "1/2-1/2"]
[WhiteElo "2562"]
[BlackElo "2485"]
[EventDate "2008.02.14"]

1. e4 e5 2. Nf3 Nc6 3. Bb5 a6 4. Ba4 Nf6 5. O-O Be7 6. d3 d6 7. c3 O-O 8.
Nbd2 Nd7 9. Re1 Nc5 10. Bc2 Ne6 11. Nf1 Ng5 12. Nxg5 Bxg5 13. Ne3 Ne7 14.
d4 Ng6 15. Bb3 Be6 16. dxe5 dxe5 17. Bxe6 fxe6 18. Qb3 Qd7 19. f3 Qc6 20.
Ng4 Bxc1 21. Raxc1 Rad8 22. Rcd1 Nf4 23. Nf2 Qc5 24. Rxd8 Rxd8 25. Rd1 Rd6
26. Rxd6 cxd6 27. Kf1 Qe3 28. Qd1 Qb6 29. Qa4 Ng6 30. Qc2 Kf7 31. g3 Qe3
32. Qd1 Ke7 33. Ng4 Qc5 34. Qe2 Nf8 35. Kg2 Nd7 36. Qd2 h6 37. Qd3 Qa5 38.
a3 Nc5 39. Qe2 Qb6 40. b4 Na4 41. Qc4 Kd7 42. Qd3 Ke7 43. Ne3 Qc6 44. Nd1
b5 45. Kf2 Nb6 46. Ne3 Na4 47. Nd1 Nb6 1/2-1/2

[Event "Aeroflot Open"]
[Site "Moscow RUS"]
[Date "2008.02.22"]
[Round "9"]
[White "Al Sayed,Mohamad"]
[Black "Laznicka,V"]
[Result "1/2-1/2"]
[WhiteElo "2486"]
[BlackElo "2595"]
[EventDate "2008.02.14"]

1. d4 d5 2. c4 c6 3. Nf3 Nf6 4. cxd5 cxd5 5. Nc3 Nc6 6. Bf4 a6 7. Rc1 Bf5
8. Ne5 Rc8 9. e3 e6 10. Qb3 Nxe5 11. Bxe5 Qd7 12. Bxf6 gxf6 13. Be2 Rc6 14.
O-O Qc7 15. Qa4 Kd8 16. Rcd1 b5 17. Bxb5 axb5 18. Nxb5 Rc4 19. Qa8+ Qc8 20.
Qa5+ Ke8 21. b3 Rc2 22. Rd2 Rxd2 23. Qxd2 Qb8 24. Qa5 Bd3 25. Nc7+ Kd7 26.
Rc1 Bd6 27. Na6 Bxa6 28. Qxa6 Rc8 29. Qa4+ Ke7 30. Rxc8 Qxc8 31. g3 Qc1+
32. Kg2 Qa3 33. Qc6 Qxa2 34. Qb7+ Kf8 35. b4 Kg7 36. b5 Bb4 37. Qc7 Be1 38.
Qf4 Qb1 39. Qg4+ Kf8 40. Qf4 Qe4+ 41. Qxe4 dxe4 42. b6 Ba5 43. b7 Bc7 44.
Kh3 Ke7 45. Kg4 Kd7 46. Kh5 Kc6 47. Kh6 Kxb7 48. Kxh7 Ba5 49. Kg7 Be1 50.
Kxf7 Bxf2 51. Kxe6 Bxe3 52. Kf5 Bg1 1/2-1/2

[Event "Aeroflot Open"]
[Site "Moscow RUS"]
[Date "2008.02.22"]
[Round "9"]
[White "Balogh,C"]
[Black "Andriasian,Z"]
[Result "1/2-1/2"]
[WhiteElo "2575"]
[BlackElo "2532"]
[EventDate "2008.02.14"]

1. e4 c5 2. Nf3 Nc6 3. d4 cxd4 4. Nxd4 g6 5. c4 Bg7 6. Be3 Nf6 7. Nc3 d6 8.
Be2 O-O 9. O-O Nxd4 10. Bxd4 Be6 11. Qd2 Qa5 12. Rad1 Rfc8 13. b3 a6 14. f4
b5 15. f5 Bd7 16. Bxf6 Bxf6 17. Nd5 Qxd2 18. Nxf6+ Kg7 19. Rxd2 Kxf6 20.
fxg6+ Kxg6 21. e5 Be6 22. exd6 exd6 23. cxb5 axb5 24. Bxb5 Ra5 25. a4 Bxb3
26. Rd3 Bc2 27. Rc1 Kg7 28. Rd2 Bxa4 29. Rxc8 Bxb5 30. Rd8 Bc6 31. R8xd6
Be4 32. h3 Bg6 33. Kh2 Ra3 34. Rf2 Rb3 35. Rdd2 Ra3 36. Rf3 Ra4 37. Kg3 Rb4
38. Rf4 Rb3+ 39. Kh4 Rb5 40. g4 h5 41. g5 Rb3 42. Rdf2 Ra3 43. R2f3 Ra5 44.
Rd4 Rb5 45. Re3 Ra5 46. Rb3 Rc5 47. Rb8 Rc3 48. Rdd8 Bh7 49. Re8 Ra3 50.
Re5 Rc3 51. Rbe8 Bg6 52. Re3 Rc5 53. R8e5 Rc4+ 54. Kg3 Ra4 55. Rc3 Rb4 56.
Rec5 Rd4 57. R5c4 Rd5 58. h4 Rf5 59. Rf4 Re5 60. Kf3 Re1 61. Kf2 Re5 62.
Re3 Rd5 63. Ke2 Rd7 64. Rc3 Re7+ 65. Kd2 Re8 66. Rc7 Re6 67. Kc3 Rd6 68.
Kc4 Rd1 69. Kc5 Rc1+ 70. Kd6 Rd1+ 71. Ke7 Re1+ 72. Kd8 Rd1+ 73. Ke8 Kg8
1/2-1/2

[Event "Aeroflot Open"]
[Site "Moscow RUS"]
[Date "2008.02.22"]
[Round "9"]
[White "Ionov,S"]
[Black "Olafsson,H1"]
[Result "1-0"]
[WhiteElo "2546"]
[BlackElo "2531"]
[EventDate "2008.02.14"]

1. d4 Nf6 2. c4 e6 3. Nc3 Bb4 4. f3 d5 5. a3 Bxc3+ 6. bxc3 c5 7. cxd5 Nxd5
8. dxc5 Qa5 9. e4 Nf6 10. Be3 O-O 11. Kf2 Qxc3 12. Ne2 Qa5 13. Qd2 Qxd2 14.
Bxd2 e5 15. Nc3 Be6 16. Be3 Nc6 17. Rb1 Rab8 18. Nb5 Rfc8 19. Be2 Kf8 20.
Rb2 Nd7 21. Rhb1 b6 22. cxb6 axb6 23. Nd6 Rc7 24. Rc1 Rd8 25. Rxb6 Nd4 26.
Rxc7 Nxb6 27. Nc4 Nxc4 28. Bxc4 Ra8 29. Bd2 Bxc4 30. Rxc4 Ke8 31. a4 Rb8
32. Bc3 1-0

[Event "Aeroflot Open"]
[Site "Moscow RUS"]
[Date "2008.02.22"]
[Round "9"]
[White "Cherniaev,A1"]
[Black "Caruana,F"]
[Result "0-1"]
[WhiteElo "2491"]
[BlackElo "2598"]
[EventDate "2008.02.14"]

1. e4 e6 2. d3 d5 3. Qe2 Nf6 4. Nf3 b6 5. e5 Nfd7 6. g3 c5 7. h4 Nc6 8. Bh3
Bb7 9. Bf4 Be7 10. O-O h6 11. h5 Nf8 12. c3 g6 13. Bg4 g5 14. Bd2 Ba6 15.
Re1 Nd7 16. Bc1 Qc7 17. c4 d4 18. a3 Bb7 19. b4 Bf8 20. b5 Ne7 21. Nbd2 Bg7
22. a4 a5 23. Bb2 O-O-O 24. Ra3 Kb8 25. Ba1 Rde8 26. Nxd4 cxd4 27. Bxd4 Nf5
28. Bb2 f6 29. Bxf5 exf5 30. e6 Bf8 31. d4 Bxa3 32. Bxa3 Be4 33. e7 Rh7 34.
Nxe4 Rhxe7 0-1